| 000 | 00715nam a22001937a 4500 | ||
|---|---|---|---|
| 005 | 20140224103949.0 | ||
| 010 | _aB-514075 | ||
| 020 |
_a9788184953428 _c250.00 |
||
| 035 | _aB-514075 | ||
| 037 |
_bBSB/Ven _adpl |
||
| 082 | _a658.4092 | ||
| 100 | _aPillai, Radhakrishnan | ||
| 245 |
_aCorporate Chanakya on Management : _cby Brian Tracy _bincludes audiobook read by tom alter / |
||
| 260 |
_bJaico Publishing House _c2012 _aMumbai |
||
| 270 |
_aA-2 Jash Chamber, 7-A Sir Phirozshah Mehta Road Fort _bMumbai _e400001 |
||
| 300 |
_axxvi,148p. _c18cm(pbk) _e1-CD ROM |
||
| 942 |
_2ddc _cEN _mPIL _h658.4092 |
||
| 999 |
_c79202 _d79202 |
||